[Event "HUN-chT2 Maroczy 1819"]
[Site "Hungary"]
[Date "2019.01.27"]
[Round "6.6"]
[White "Ondok, Laszlo"]
[Black "Brandics, Jozsef"]
[Result "1/2-1/2"]
[WhiteElo "2153"]
[BlackElo "2220"]
[PlyCount "83"]
[EventDate "2018.09.23"]
[EventType "team-tourn"]
[EventRounds "11"]
[EventCountry "HUN"]
[SourceTitle "EXT 2020"]
[Source "ChessBase"]
[SourceDate "2019.10.17"]
[SourceVersion "1"]
[SourceVersionDate "2019.10.17"]
[SourceQuality "1"]
[WhiteTeam "Kisujszallas"]
[BlackTeam "Toth Laszlo"]
[WhiteTeamCountry "HUN"]
[BlackTeamCountry "HUN"]

1. e4 Nc6 2. Nc3 Nf6 3. d4 d6 4. f4 Bg4 5. Nf3 e6 6. Be3 d5 7. e5 Ne4 8. Nb1 h5 9. Be2 h4 10. Nbd2 Be7 11. c3 Bf5 12. Nxe4 Bxe4 13. 0-0 Qd7 14. b4 Bd8 15. Nd2 Bg6 16. Nb3 Nb8 17. Nc5 Qc8 18. Bf3 b6 19. Nb3 c6 20. a4 a6 21. Rc1 b5 22. a5 Nd7 23. g4 hxg3 24. hxg3 f5 25. Kg2 Kf7 26. Qe2 Be7 27. Rh1 Qc7 28. Nd2 Rag8 29. Rxh8 Rxh8 30. Rh1 Qd8 31. Qf1 Qf8 32. Rxh8 Qxh8 33. Qh1 Qxh1+ 34. Kxh1 Bh7 35. Kg2 Nf8 36. Bh5+ g6 37. Be2 Kg7 38. Kh3 Bg8 39. g4 Nh7 40. gxf5 exf5 41. Nf3 Nf8 42. Bd3 1/2-1/2

[Event "HUN-chT2 Maroczy 1516"]
[Site "Hungary"]
[Date "2016.04.03"]
[Round "8.7"]
[White "Kovacs, Klara"]
[Black "Brandics, Jozsef"]
[Result "1/2-1/2"]
[WhiteElo "2129"]
[BlackElo "2214"]
[PlyCount "119"]
[EventDate "2015.10.18"]
[EventType "team-tourn"]
[EventRounds "9"]
[EventCountry "HUN"]
[SourceTitle "EXT 2017"]
[Source "ChessBase"]
[SourceDate "2016.10.25"]
[SourceVersion "1"]
[SourceVersionDate "2016.10.25"]
[SourceQuality "1"]
[WhiteTeam "Penzugyor"]
[BlackTeam "Toth Laszlo"]
[WhiteTeamCountry "HUN"]
[BlackTeamCountry "HUN"]

1. c4 c5 2. g3 Nf6 3. Bg2 d5 4. cxd5 Nxd5 5. Nc3 Nc7 6. e3 e5 7. Nge2 Nc6 8. 0-0 Be7 9. f4 exf4 10. Nxf4 0-0 11. b3 Bf6 12. Bb2 Nb4 13. a3 Nc6 14. Rc1 Bd7 15. d4 cxd4 16. Ne4 Be5 17. exd4 Bxf4 18. Rxf4 Nd5 19. Rh4 Nce7 20. Nc5 Bf5 21. Nxb7 Qb6 22. Nc5 Ne3 23. Qf3 Nxg2 24. Qxg2 g5 25. Re4 Bxe4 26. Nxe4 f6 27. Rf1 Rad8 28. Qf3 Nd5 29. Nf2 Qe6 30. Ng4 Kg7 31. Bc1 Rfe8 32. Nf2 Qe2 33. Qg2 Re7 34. Rd1 Qc2 35. Rf1 Qxb3 36. Qh3 Ne3 37. Ng4 Nxg4 38. Qxg4 Qd3 39. Bxg5 Qxf1+ 40. Kxf1 fxg5 41. Qxg5+ Kf7 42. Qh5+ Kg7 43. Qg4+ Kf7 44. Kf2 Re6 45. h4 Rf6+ 46. Kg2 Rfd6 47. Qf4+ Rf6 48. Qg5 Rd7 49. Qh5+ Kf8 50. Qc5+ Kg7 51. Qe5 Kf7 52. h5 Rfd6 53. Qh8 Ke6 54. Qe5+ Kf7 55. Qf5+ Kg7 56. g4 Rxd4 57. h6+ Kg8 58. Qe6+ Kf8 59. Qf6+ Kg8 60. Qe6+ 1/2-1/2

[Event "Kecskemet Caissa IM 04"]
[Site "Kecskemet"]
[Date "2013.04.23"]
[Round "4"]
[White "Brandics, Jozsef"]
[Black "Farkas, Tibor"]
[Result "1/2-1/2"]
[WhiteElo "2296"]
[BlackElo "2245"]
[PlyCount "22"]
[EventDate "2013.04.20"]
[EventType "tourn"]
[EventRounds "10"]
[EventCountry "HUN"]
[EventCategory "2"]
[SourceTitle "CBM 154 Extra"]
[Source "ChessBase"]
[SourceDate "2013.06.25"]
[SourceVersion "2"]
[SourceVersionDate "2013.06.25"]
[SourceQuality "1"]

1. d4 Nf6 2. Nf3 g6 3. Bf4 Bg7 4. e3 0-0 5. Be2 b6 6. 0-0 Bb7 7. Nbd2 d6 8. c3 Nbd7 9. h3 c5 10. Rc1 Qc7 11. a4 a6 1/2-1/2

[Event "Kecskemet Caissa IM 04"]
[Site "Kecskemet"]
[Date "2013.04.22"]
[Round "3"]
[White "Brandics, Jozsef"]
[Black "Meszaros, Andras"]
[Result "1/2-1/2"]
[WhiteElo "2296"]
[BlackElo "2247"]
[PlyCount "20"]
[EventDate "2013.04.20"]
[EventType "tourn"]
[EventRounds "10"]
[EventCountry "HUN"]
[EventCategory "2"]
[SourceTitle "CBM 154 Extra"]
[Source "ChessBase"]
[SourceDate "2013.06.25"]
[SourceVersion "2"]
[SourceVersionDate "2013.06.25"]
[SourceQuality "1"]

1. d4 d5 2. c4 e6 3. Nc3 Nf6 4. Bg5 Be7 5. cxd5 exd5 6. e3 c6 7. Nf3 Bf5 8. Bd3 Bxd3 9. Qxd3 0-0 10. 0-0 Nbd7 1/2-1/2

[Event "HUN-chT2 Toth 1213"]
[Site "Hungary"]
[Date "2013.01.27"]
[Round "6.2"]
[White "Brandics, Jozsef"]
[Black "Karsai, Istvan"]
[Result "0-1"]
[WhiteElo "2296"]
[BlackElo "2113"]
[PlyCount "60"]
[EventDate "2012.09.16"]
[EventType "team-tourn"]
[EventRounds "11"]
[EventCountry "HUN"]
[SourceTitle "EXT 2014"]
[Source "ChessBase"]
[SourceDate "2013.11.20"]
[SourceVersion "1"]
[SourceVersionDate "2013.11.20"]
[SourceQuality "1"]
[WhiteTeam "Toth Laszlo II"]
[BlackTeam "Felegyhaza Csongrad"]
[WhiteTeamCountry "HUN"]
[BlackTeamCountry "HUN"]

1. d4 Nf6 2. Bg5 d5 3. Bxf6 exf6 4. e3 g6 5. c4 Bg7 6. Nc3 dxc4 7. Bxc4 0-0 8. h4 h5 9. Nge2 Bh6 10. Qc2 Kg7 11. Nd5 c6 12. Ndf4 Qe7 13. Bd3 f5 14. 0-0-0 a5 15. Kb1 Na6 16. a3 Bd7 17. Ng3 Bxf4 18. exf4 Nc7 19. Rhe1 Qf6 20. Re5 Rh8 21. Nf1 Ne6 22. g3 Nxd4 23. Qc3 c5 24. Qxc5 Ba4 25. b3 Nxb3 26. Qc3 Rac8 27. Qb2 Rhd8 28. Ne3 Nc5 29. Bc2 Bxc2+ 30. Qxc2 Qb6+ 0-1

[Event "HUN-chT 1213"]
[Site "Hungary"]
[Date "2012.09.16"]
[Round "1"]
[White "Brandics, Jozsef"]
[Black "Kiss, Attila"]
[Result "1/2-1/2"]
[WhiteElo "2296"]
[BlackElo "2356"]
[PlyCount "25"]
[EventDate "2012.09.16"]
[EventType "team-tourn"]
[EventRounds "9"]
[EventCountry "HUN"]
[SourceTitle "EXT 2013"]
[Source "ChessBase"]
[SourceDate "2012.11.22"]
[SourceVersion "1"]
[SourceVersionDate "2012.11.22"]
[SourceQuality "1"]
[WhiteTeam "Toth Laszlo"]
[BlackTeam "HVSE Infraplan"]
[WhiteTeamCountry "HUN"]
[BlackTeamCountry "HUN"]

1. d4 Nf6 2. Bg5 d5 3. Bxf6 exf6 4. e3 c6 5. c4 dxc4 6. Bxc4 Bd6 7. Nc3 0-0 8. Nf3 Nd7 9. Qc2 f5 10. Bd3 g6 11. h4 h5 12. g3 Nf6 13. Ng5 1/2-1/2

[Event "HUN-chT 1112"]
[Site "Hungary"]
[Date "2012.05.06"]
[Round "10"]
[White "Berescu, Alin Mile"]
[Black "Brandics, Jozsef"]
[Result "1-0"]
[WhiteElo "2495"]
[BlackElo "2308"]
[PlyCount "71"]
[EventDate "2011.09.25"]
[EventType "team-tourn"]
[EventRounds "11"]
[EventCountry "HUN"]
[SourceTitle "EXT 2013"]
[Source "ChessBase"]
[SourceDate "2012.11.22"]
[SourceVersion "1"]
[SourceVersionDate "2012.11.22"]
[SourceQuality "1"]
[WhiteTeam "Paks"]
[BlackTeam "Toth Laszlo"]
[WhiteTeamCountry "HUN"]
[BlackTeamCountry "HUN"]

1. c4 c5 2. g3 Nf6 3. Bg2 d5 4. cxd5 Nxd5 5. Nc3 Nc7 6. Nf3 Nc6 7. 0-0 e5 8. a3 Be7 9. b4 a6 10. bxc5 Bxc5 11. Bb2 f6 12. e3 0-0 13. Qc2 Ba7 14. Nh4 Ne7 15. Rac1 g5 16. Nf3 Bf5 17. Qb3+ Be6 18. Qxb7 Bc5 19. Qe4 Rb8 20. Ba1 Bxa3 21. Rb1 Rxb1 22. Rxb1 g4 23. Ne1 Kh8 24. Qa4 Bd6 25. Ne4 Ng6 26. d4 Be7 27. dxe5 Nxe5 28. Qa5 Nd7 29. Nc2 Qc8 30. Nd4 Ne5 31. Rc1 Bc4 32. Nd2 Nb5 33. Nxc4 Nxc4 34. Qa4 Nb6 35. Qd1 Qd8 36. Qxg4 1-0

[Event "HUN-chT2 Maroczy 1011"]
[Site "Hungary"]
[Date "2011.04.10"]
[Round "8"]
[White "Teglas, Balazs"]
[Black "Brandics, Jozsef"]
[Result "1/2-1/2"]
[WhiteElo "2208"]
[BlackElo "2290"]
[PlyCount "160"]
[EventDate "2010.09.12"]
[EventType "team-tourn"]
[EventRounds "11"]
[EventCountry "HUN"]
[SourceTitle "EXT 2012"]
[Source "ChessBase"]
[SourceDate "2011.11.24"]
[SourceVersion "1"]
[SourceVersionDate "2011.11.24"]
[SourceQuality "1"]
[WhiteTeam "Lila Futo"]
[BlackTeam "TLSE"]
[WhiteTeamCountry "HUN"]
[BlackTeamCountry "HUN"]

1. d4 d5 2. Bf4 c5 3. e3 Qb6 4. Nc3 Nf6 5. Nb5 Na6 6. c3 c4 7. a4 Bd7 8. b3 Bxb5 9. axb5 Qxb5 10. bxc4 dxc4 11. Qa4 Qxa4 12. Rxa4 Nd5 13. Bxc4 Nac7 14. Bxc7 Nxc7 15. Bd3 a6 16. c4 e6 17. Ne2 Be7 18. 0-0 Kd7 19. Rb1 b5 20. Ra5 bxc4 21. Bxc4 Rhb8 22. Rba1 Bb4 23. R5a4 a5 24. g3 g5 25. Kg2 Nd5 26. Bxd5 exd5 27. Nc1 Rb5 28. Nd3 Rab8 29. Ne5+ Ke6 30. Nc6 R8b6 31. Na7 Bc3 32. Nxb5 Rxb5 33. Rc1 Rb3 34. Rxc3 Rxc3 35. g4 Rc6 36. Rxa5 Rd6 37. Kf3 Rb6 38. Ra8 h6 39. Re8+ Kd7 40. Re5 Kd6 41. Ke2 f6 42. Rf5 Ke6 43. h4 Ra6 44. hxg5 hxg5 45. Rf3 Ra2+ 46. Kf1 Rb2 47. Rh3 Ra2 48. Rh8 Ra4 49. Rb8 Ra6 50. Rb5 Ra3 51. Rb6+ Ke7 52. Rc6 Rb3 53. Ra6 Rc3 54. Ra2 Rb3 55. Ke2 Ke6 56. Rc2 Ra3 57. Rb2 Ke7 58. Rd2 Ke6 59. Rd3 Ra2+ 60. Kf3 Rb2 61. Kg3 Rb1 62. f3 Rb2 63. f4 gxf4+ 64. exf4 Kf7 65. Ra3 Rb4 66. Ra7+ Kf8 67. Ra8+ Kf7 68. Ra7+ Kf8 69. Kh4 Rxd4 70. f5 Re4 71. Rd7 d4 72. Kg3 Ke8 73. Rd5 Ke7 74. Kf3 Re3+ 75. Kf2 Rd3 76. Ke2 Re3+ 77. Kf2 Rd3 78. Kg2 Rd1 79. Kf3 Rf1+ 80. Ke4 Rg1 1/2-1/2

[Event "HUN-chT2 Maroczy 0910"]
[Site "Hungary"]
[Date "2010.02.27"]
[Round "5"]
[White "Papp Zoltan, Csaba"]
[Black "Brandics, Jozsef"]
[Result "1-0"]
[WhiteElo "2318"]
[BlackElo "2286"]
[PlyCount "127"]
[EventDate "2009.11.08"]
[EventType "team-tourn"]
[EventRounds "11"]
[EventCountry "HUN"]
[SourceTitle "EXT 2011"]
[Source "ChessBase"]
[SourceDate "2010.11.26"]
[SourceVersion "1"]
[SourceVersionDate "2010.11.26"]
[SourceQuality "1"]
[WhiteTeam "Fenstherm"]
[BlackTeam "TLSE"]
[WhiteTeamCountry "HUN"]
[BlackTeamCountry "HUN"]

1. e4 Nc6 2. Nf3 d6 3. d4 Bg4 4. Bc4 Nf6 5. c3 e6 6. Nbd2 Be7 7. h3 Bh5 8. Qe2 a6 9. Bd3 d5 10. e5 Nd7 11. b4 Bg6 12. Bxg6 hxg6 13. a4 a5 14. b5 Na7 15. c4 dxc4 16. Nxc4 Nb6 17. Nxb6 Bb4+ 18. Bd2 Bxd2+ 19. Nxd2 Qxd4 20. 0-0 cxb6 21. Nc4 0-0 22. Rad1 Qc5 23. Rd7 Rad8 24. Rfd1 Rxd7 25. Rxd7 Nc8 26. Rxb7 Qb4 27. Qe4 Qxa4 28. Qc6 Qd1+ 29. Kh2 Qd4 30. Kg3 g5 31. f3 Qh4+ 32. Kh2 Qf4+ 33. g3 Qc1 34. Rb8 Qc2+ 35. Kg1 Qc1+ 36. Kf2 Qc2+ 37. Ke1 Qc1+ 38. Ke2 Qc2+ 39. Nd2 Qc5 40. Qxc5 bxc5 41. Nc4 Ne7 42. Rxf8+ Kxf8 43. Nxa5 Nd5 44. Kd3 Nb6 45. Nc4 Nd7 46. f4 gxf4 47. gxf4 Ke7 48. Kc3 f6 49. h4 fxe5 50. fxe5 Kd8 51. h5 Kc7 52. Kd3 Nf8 53. Ke4 Nd7 54. Nd6 Kd8 55. Kf4 Nb6 56. Nb7+ Ke7 57. Nxc5 Kf7 58. Ke4 Ke7 59. Kd4 Nd5 60. Nd3 Kd7 61. Kc4 Kc8 62. Nc5 Nf4 63. b6 Nxh5 64. Kb5 1-0

[Event "HUN-chT2 Toth 0809"]
[Site "Hungary"]
[Date "2009.02.08"]
[Round "7.4"]
[White "Brandics, Jozsef"]
[Black "Egri, Laszlo"]
[Result "1/2-1/2"]
[WhiteElo "2297"]
[BlackElo "2137"]
[PlyCount "42"]
[EventDate "2008.10.26"]
[EventType "team-tourn"]
[EventRounds "11"]
[EventCountry "HUN"]
[SourceTitle "EXT 2010"]
[Source "ChessBase"]
[SourceDate "2010.11.25"]
[SourceVersion "1"]
[SourceVersionDate "2010.11.25"]
[SourceQuality "1"]
[WhiteTeam "Toth Laszlo"]
[BlackTeam "Kisujszallas"]
[WhiteTeamCountry "HUN"]
[BlackTeamCountry "HUN"]

1. d4 Nf6 2. Bg5 e6 3. e4 h6 4. Bxf6 Qxf6 5. e5 Qe7 6. Nc3 g5 7. h4 Bg7 8. hxg5 hxg5 9. Rxh8+ Bxh8 10. Qh5 Bg7 11. Nf3 d6 12. 0-0-0 dxe5 13. dxe5 Nc6 14. Re1 Bd7 15. Nxg5 0-0-0 16. f4 Rh8 17. Qe2 Nxe5 18. Nxe6 Bxe6 19. fxe5 Qg5+ 20. Kb1 Rh1 21. Qf2 Bxe5 1/2-1/2

[Event "HUN-chT2 Charousek 0001"]
[Site "Hungary"]
[Date "2001.03.25"]
[Round "9"]
[White "Brandics, Jozsef"]
[Black "Magyar, Otto"]
[Result "1/2-1/2"]
[WhiteElo "2327"]
[BlackElo "2314"]
[PlyCount "31"]
[EventDate "2000.11.26"]
[EventType "team"]
[EventRounds "11"]
[EventCountry "HUN"]
[SourceTitle "EXT 2007"]
[Source "ChessBase"]
[SourceDate "2006.11.23"]
[SourceVersion "1"]
[SourceVersionDate "2006.11.23"]
[SourceQuality "1"]
[WhiteTeam "Ajka Banyasz"]
[BlackTeam "Vizugy"]
[WhiteTeamCountry "HUN"]
[BlackTeamCountry "HUN"]

1. d4 Nf6 2. Bg5 e6 3. e3 h6 4. Bf4 b6 5. Be2 Bb7 6. Bf3 Qc8 7. Bxb7 Qxb7 8. Qf3 Qxf3 9. Nxf3 d6 10. h3 g5 11. Bh2 Bg7 12. Nbd2 Ke7 13. e4 Rd8 14. g4 Nc6 15. c3 a5 16. a4 1/2-1/2

[Event "HUN-chT2 Charousek 0001"]
[Site "Hungary"]
[Date "2001.03.04"]
[Round "8"]
[White "Brandics, Jozsef"]
[Black "Dembo, Yelena"]
[Result "0-1"]
[WhiteElo "2327"]
[BlackElo "2322"]
[PlyCount "84"]
[EventDate "2000.11.26"]
[EventType "team"]
[EventRounds "11"]
[EventCountry "HUN"]
[SourceTitle "EXT 2007"]
[Source "ChessBase"]
[SourceDate "2006.11.23"]
[SourceVersion "1"]
[SourceVersionDate "2006.11.23"]
[SourceQuality "1"]
[WhiteTeam "Ajka Banyasz"]
[BlackTeam "Budapest EAC"]
[WhiteTeamCountry "HUN"]
[BlackTeamCountry "HUN"]

1. d4 Nf6 2. Bg5 d5 3. Bxf6 exf6 4. e3 Bd6 5. Bd3 c6 6. c3 f5 7. Ne2 0-0 8. h4 Be6 9. Qc2 Qf6 10. Nd2 Nd7 11. Nf4 c5 12. g3 cxd4 13. cxd4 Rac8 14. Qa4 Bb8 15. Qb5 Nb6 16. a4 Bd7 17. Qb4 Bd6 18. Qb3 Bxa4 19. Qa2 Bxf4 20. gxf4 Rfe8 21. Qb1 Bd7 22. Nf3 a6 23. Ne5 Be6 24. b4 Nc4 25. b5 a5 26. b6 Qd8 27. Bxf5 Bxf5 28. Qxf5 Nxe5 29. fxe5 Qxb6 30. Rg1 Re6 31. h5 Qb2 32. Rd1 Qc3+ 33. Kf1 a4 34. Qg5 g6 35. Rg3 a3 36. e4 Qc2 37. Re1 a2 38. exd5 Qc4+ 39. Kg1 Qxd5 40. Ra3 Qxd4 41. Rxa2 f6 42. Qg2 Rxe5 0-1

[Event "HUN-chT2 Charousek 0001"]
[Site "Hungary"]
[Date "2000.12.17"]
[Round "3"]
[White "Horvath, Imre"]
[Black "Brandics, Jozsef"]
[Result "1-0"]
[WhiteElo "2291"]
[BlackElo "2327"]
[PlyCount "129"]
[EventDate "2000.11.26"]
[EventType "team"]
[EventRounds "11"]
[EventCountry "HUN"]
[SourceTitle "EXT 2007"]
[Source "ChessBase"]
[SourceDate "2006.11.23"]
[SourceVersion "1"]
[SourceVersionDate "2006.11.23"]
[SourceQuality "1"]
[WhiteTeam "Keszthely"]
[BlackTeam "Ajka Banyasz"]
[WhiteTeamCountry "HUN"]
[BlackTeamCountry "HUN"]

1. Nf3 d5 2. d4 c6 3. Bf4 Qb6 4. Qc1 Bf5 5. e3 e6 6. Be2 h6 7. 0-0 Nf6 8. c4 dxc4 9. Nbd2 Be7 10. Nxc4 Qd8 11. Rd1 0-0 12. h3 Na6 13. Nce5 Nc7 14. Qc4 Ncd5 15. Bh2 Ne4 16. Nd2 Nxd2 17. Rxd2 Bb4 18. Rdd1 Bd6 19. Bd3 Qb6 20. e4 f6 21. Nf3 Bxh2+ 22. Nxh2 Bxe4 23. Bxe4 f5 24. Bxd5 exd5 25. Qb3 Rfe8 26. Qxb6 axb6 27. Kf1 Re4 28. b3 g5 29. Nf3 g4 30. hxg4 fxg4 31. Ne5 Rf8 32. g3 h5 33. Rd3 Kg7 34. Re1 Rxe1+ 35. Kxe1 Ra8 36. a4 Ra5 37. f3 gxf3 38. Rxf3 b5 39. axb5 Rxb5 40. Kd2 Kh6 41. Kc3 Kg5 42. Rf7 c5 43. Rf4 b6 44. Nf3+ Kg6 45. Rf8 Ra5 46. Rb8 Kf5 47. Rxb6 Kg4 48. Ne5+ Kxg3 49. Rg6+ Kf4 50. Rg8 cxd4+ 51. Kxd4 Rb5 52. Nd3+ Kf3 53. b4 h4 54. Rf8+ Kg3 55. Ke3 d4+ 56. Kxd4 h3 57. Kc4 Rb7 58. Rg8+ Kf3 59. Ne5+ Kf4 60. Nd3+ Kf3 61. Ne1+ Kf2 62. Rf8+ Kxe1 63. Rh8 Rc7+ 64. Kb3 Kd2 65. Rxh3 1-0

[Event "HUN-chT2 Charousek 0001"]
[Site "Hungary"]
[Date "2000.12.03"]
[Round "2"]
[White "Brandics, Jozsef"]
[Black "Biro, Peter"]
[Result "1-0"]
[WhiteElo "2327"]
[BlackElo "2160"]
[PlyCount "59"]
[EventDate "2000.11.26"]
[EventType "team"]
[EventRounds "11"]
[EventCountry "HUN"]
[SourceTitle "EXT 2007"]
[Source "ChessBase"]
[SourceDate "2006.11.23"]
[SourceVersion "1"]
[SourceVersionDate "2006.11.23"]
[SourceQuality "1"]
[WhiteTeam "Ajka Banyasz"]
[BlackTeam "Husi"]
[WhiteTeamCountry "HUN"]
[BlackTeamCountry "HUN"]

1. d4 d5 2. Bg5 Nf6 3. Bxf6 exf6 4. e3 Be7 5. Ne2 0-0 6. Nf4 Qd6 7. Nd2 c5 8. dxc5 Qxc5 9. Nb3 Qc6 10. Nxd5 Bd6 11. c4 Be6 12. a3 Rd8 13. Be2 Qd7 14. 0-0 Be5 15. Nc5 Qe8 16. Nxb7 Rc8 17. Rb1 Na6 18. b4 Rab8 19. Na5 Nc7 20. e4 f5 21. f4 Bxd5 22. cxd5 Bd6 23. e5 Bf8 24. d6 Rd8 25. Rc1 Nb5 26. Nc6 Bxd6 27. Nxd8 Rxd8 28. exd6 Qe3+ 29. Kh1 Nc3 30. Qd3 1-0

[Event "HUN-chT2 9900"]
[Site "Hungary"]
[Date "2000.02.13"]
[Round "7"]
[White "Brandics, Jozsef"]
[Black "Kun, Gabor"]
[Result "1/2-1/2"]
[WhiteElo "2288"]
[BlackElo "2314"]
[PlyCount "106"]
[EventDate "1999.09.26"]
[EventType "team"]
[EventRounds "11"]
[EventCountry "HUN"]
[SourceTitle "EXT 2002"]
[Source "ChessBase"]
[SourceDate "2001.11.25"]
[SourceVersion "1"]
[SourceVersionDate "2001.11.25"]
[SourceQuality "1"]

1. d4 f5 2. Nc3 Nf6 3. Bg5 d5 4. Bxf6 exf6 5. e3 Be6 6. Nge2 Nc6 7. Nf4 Bf7 8. Bb5 Qd7 9. a3 g6 10. Qf3 0-0-0 11. Na2 Qd6 12. c4 dxc4 13. Bxc6 Qxc6 14. Qxc6 bxc6 15. Nc3 c5 16. d5 g5 17. Ne6 Bxe6 18. dxe6 Rd6 19. Rc1 Rxe6 20. Ke2 f4 21. Nd1 Bd6 22. Rxc4 fxe3 23. fxe3 f5 24. g3 f4 25. gxf4 gxf4 26. e4 Rg8 27. Kf3 Reg6 28. Nf2 Rg1 29. Rc1 Rxh1 30. Rxh1 Kd7 31. Rd1 Ke6 32. Nd3 Rb8 33. Rd2 Rb3 34. Kg4 c4 35. Nxf4+ Ke5 36. Rc2 c3 37. bxc3 Rxa3 38. Kf3 Ra4 39. Nd3+ Ke6 40. e5 Be7 41. c4 Ra1 42. Ke4 a5 43. Nf4+ Kf7 44. Kd5 Rf1 45. e6+ Ke8 46. Ne2 Rf2 47. h3 a4 48. Ra2 a3 49. Nc3 Rf5+ 50. Ke4 Rh5 51. Nd5 Rh4+ 52. Kf5 Rh5+ 53. Ke4 Rh4+ 1/2-1/2